Welcome to the Holygrace Academy Library

Please use search bar below to get started

ENGLISH PRONOUNCIATION IN USE (Record no. 3762)

MARC details
000 -LEADER
fixed length control field 00306nam a22001337a 4500
020 ## - INTERNATIONAL STANDARD BOOK NUMBER
ISBN 0-521-54770-9
082 ## - DEWEY DECIMAL CLASSIFICATION NUMBER
Classification number 425
Item number HAN/E
100 ## - MAIN ENTRY--AUTHOR NAME
Personal name HANCOCK,MARK
245 ## - TITLE STATEMENT
Title ENGLISH PRONOUNCIATION IN USE
260 ## - PUBLICATION, DISTRIBUTION, ETC. (IMPRINT)
Place of publication UK
Name of publisher CAMBRIDGE UNIVERSITY
300 ## - PHYSICAL DESCRIPTION
Number of Pages 200
650 ## - SUBJECT ADDED ENTRY--TOPICAL TERM
Topical Term ENGISH PRONUNCIATION
Geographic subdivision UK
942 ## - ADDED ENTRY ELEMENTS (KOHA)
Koha item type Books
Holdings
Withdrawn status Lost status Collection code Home library Current library Shelving location Date acquired Source of acquisition Full call number Accession Number Koha item type
    Reference Main Library Main Library SHELF-16C -ENGLISH GRAMMAR SYNONYMS7ANTONYMS,LETTERS, ETC 10/10/2006 PURCHASE 425 HAN/E 03426 Books